000 00767nam a2200253 a 4500
001 54358
003 BD-RjUL
005 20211209080117.0
008 161106s1963 enka 001 0 eng
035 _a(BD-RjUL)54480
040 _aDLC
_cDLC
_dDLC
_dBD-RjUL
_beng
041 _aeng
082 0 0 _a512
_223
_bMOF 1963
100 1 _aMostow, George D.
_9162227
245 1 0 _aFundamental structures of algebra
_c[by] George D. Mostow, Joseph H. Sampson [and] Jean-Pierre Meyer.
260 _aNew York :
_bMcGraw-Hill,
_cc1963
300 _axvi, 585 p. :
_bill. ;
_c25 cm.
500 _aInclude index
650 0 _aAlgebra.
_9162228
700 1 _aMeyer, Jean-Pierre,
_d1929-
_9162229
700 1 _aSampson, Joseph H.
_9162230
942 _2ddc
_cBK
999 _c54358
_d54358